000 00899nas a2200289 4500
001 BR2014004740
003 BR-BrBNA
005 20231205124321.0
007 ta
008 230509b bl.|||p| |||| 00| 00por d
040 _aBR-BrBNA
_bpor
_cBiblioteca Nacional de Agricultura
041 _a(Pt)
072 _aF03
100 1 _aGarcia, J.
100 1 _aKamada, T.
100 1 _aJacobson, T.K.B.
100 1 _aNogueira, J.C.M.
100 1 _aOliveira, S.M. de
245 1 _aEfeito de tratamentos para acelerar a germinação de sementes de anileira (Indigofera suffruticosa)
650 _aSEMENTE
650 _aINDIGOFERA TRUXILLENSIS
650 _aARBUSTO
650 _aDORMÊNCIA DA SEMENTE
773 0 _tPesquisa Agropecuária Tropical (Brazil)
_xISSN 1517-6398
_g(Jul-Dec 2000), v. 30(2) p. 55-57
_wBR2014004740
909 _a202311
_bLúcia
_c55
_dLúcia Elande
942 _2AGRIS
_n0
_cANA
999 _c238457
_d238457